| 000 | 00683nam a2200229Ia 4500 | ||
|---|---|---|---|
| 005 | 20241129104311.0 | ||
| 008 | 241129s9999||||xx |||||||||||||| ||und|| | ||
| 020 | _a9781292409719 | ||
| 037 | _aTextual | ||
| 040 |
_aRTL _beng _cRTL |
||
| 041 |
_aeng _2eng |
||
| 084 |
_aX:57 R3 _qRTL |
||
| 100 |
_aKrugman Paul R.; Obstfeld Maurice; Meliz Marc J. _9725469 |
||
| 245 | 0 |
_aInternational finance: Theory and policy _cKrugman Paul R.; Obstfeld Maurice; Meliz Marc J. |
|
| 250 | _a12th | ||
| 260 |
_aUK Pearson _bEducation _c2023 |
||
| 300 | _a817p. | ||
| 365 |
_aINR _b6981.7 |
||
| 650 | _aInternational Finance | ||
| 942 |
_cTB _hX:57 R3 |
||
| 999 |
_c1225292 _d1225292 |
||